000
00270nam a22001217a 4500
082
_a
823
_b
GOP/S
100
_a
NAIR, GOPALAN
245
_a
SHORT STORIES OF ALL TIME
260
_a
DELHI
_b
S CHAND & CO
_c
1981
300
_a
138
650
_a
ENGLISH STORY
_z
INDIA
942
_c
BK
999
_c
7390
_d
7390